El Desenvolupament rural integral / [compilació] Miren Etxezarreta ; amb la col·laboració de José Iglesias i Antoni Montseny
ISBN:
84-505-5104-8
Descripción Física:
390 p. ; 24 cm
Colección:
Quaderns rurals ; 2
Materias:
Agricultura
MARC
| LEADER | 00000nam a2200000Ia 4500 | ||
|---|---|---|---|
| 001 | 6665 | ||
| 008 | 160829s1987 xx 000 0 cat d | ||
| 020 | |a 84-505-5104-8 | ||
| 080 | |a C-1-197 | ||
| 100 | |a Etxezarreta, Miren |9 24521 | ||
| 245 | |a El Desenvolupament rural integral / [compilació] Miren Etxezarreta ; amb la col·laboració de José Iglesias i Antoni Montseny | ||
| 260 | |a Barcelona : |b Diputació de Barcelona, Servei d'Agricultura i Ramaderia, |c 1987 | ||
| 300 | |a 390 p. ; |c 24 cm | ||
| 490 | |a Quaderns rurals ; 2 | ||
| 650 | |a Agricultura |9 24522 | ||
| 700 | 1 | |a Iglesias, José |9 38450 | |
| 700 | |a Montseny, Antoni |9 38451 | ||
| 710 | 1 | |a Barcelona (Catalunya : Província). |b Servei d'Agricultura i Ramaderia |9 54365 | |
| 901 | |a Arxiu | ||
| 942 | |n 1 | ||
| 952 | |0 0 |1 0 |4 0 |6 C1197 |7 1 |9 48431 |a Arxiu |b Arxiu |d 2016-12-01 |l 0 |o C-1-197 |p 6665 |r 2016-12-01 00:00:00 |w 2016-12-01 |y ARXIU | ||
| 999 | |c 52260 |d 52260 | ||